Tìm hiểu đặc điểm hoạt động của dải hội tụ nhiệt đới trên biển Đông và ảnh hưởng của nó đến khí hậu - thời tiết khu vực Trung trung bộ

Cơ sở lí luận và thực tiễn. Đặc điểm hoạt động của dải hội tụ nhiệt đới trên biển Đông. Ảnh hưởng của dải hội tụ nhiệt đới dến khí hậu, thời tiết khu vực Trung trung bộ.

Shranjeno v:
Bibliografske podrobnosti
Glavni avtor: Phan Thị Thu Thủy
Drugi avtorji: Lê Thị Thanh Hương Th.S (Hướng dẫn)
Format: Knjiga
Jezik:Vietnamese
Izdano: Đà Nẵng Trường Đại học Sư phạm 2009
Teme:
Oznake: Označite
Brez oznak, prvi označite!
Thư viện lưu trữ: Mạng thư viện Đại học Đà Nẵng
LEADER 01597nam a2200337 4500
001 000010838
003 7058
005 20111222141220.0
008 111222s2009 viesd
041 |a vie 
072 |a Khóa luận tốt nghiệp 
082 |a 551.513  |b PH-T 
100 1 |a Phan Thị Thu Thủy 
245 1 |a Tìm hiểu đặc điểm hoạt động của dải hội tụ nhiệt đới trên biển Đông và ảnh hưởng của nó đến khí hậu - thời tiết khu vực Trung trung bộ  |c Phan Thị Thu Thủy 
260 |a Đà Nẵng  |b Trường Đại học Sư phạm  |c 2009 
300 |a 70 tr.  |c 29 cm 
500 |a Khóa luận tốt nghiệp. Chuyên ngành: Cử nhân khoa học Địa lý. 
520 |a Cơ sở lí luận và thực tiễn. Đặc điểm hoạt động của dải hội tụ nhiệt đới trên biển Đông. Ảnh hưởng của dải hội tụ nhiệt đới dến khí hậu, thời tiết khu vực Trung trung bộ. 
653 |a Khóa luận tốt nghiệp 
653 |a Khoa Địa lý 
700 1 |a Lê Thị Thanh Hương  |c Th.S  |e Hướng dẫn 
OWN |a LSP 
AVA |a UDN50  |b LSP  |d 551.513 PH-T  |e available  |t Error 5001 Not defined in file expand_doc_bib_avail.  |f 1  |g 0  |h N  |i 0  |k 1 
999 |a From the UDN01 
AVA |a UDN50  |b LSP  |d 551.513 PH-T  |e available  |t Error 5001 Not defined in file expand_doc_bib_avail.  |f 1  |g 0  |h N  |i 0  |k 1 
TYP |a Monograph 
TYP |a Printed language 
980 |a Mạng thư viện Đại học Đà Nẵng